000 02647nam2a2200301 4500
001 rc\2939239
005 20260315055627.0
035 _a(NLR Aleph) 007088139
090 _a13599151
_c13599151
100 _a20110824d1938 u y0rusy50 ca
101 0 _arus
102 _aRU
105 _aab z |||||
200 1 _aКраткий очерк орографии, тектоники, стратиграфии ДВК и связи с ними полезных ископаемых
210 _d1938
215 _a104 с.
_cил., табл., карт.
320 _aБиблиогр.: с. 103-104
423 0 _12001#$aМатериалы по стратиграфии мезозоя ДВК (Верхний Амур, Тырма, Бурея)
_1700#1$aШтемпель$bБ.М.$4070
_tМатериалы по стратиграфии мезозоя ДВК (Верхний Амур, Тырма, Бурея)
_aШтемпель, Б.М.
423 0 _12001#$aК петрографической характеристике углей Деп-Новоямпольского месторождения
_1700#1$aМаркова$bЛ.Н.$4070
_tК петрографической характеристике углей Деп-Новоямпольского месторождения
_aМаркова, Л.Н.
423 0 _12001#$aК геологии и петрологии кристаллического комплекса Верхнего Амура
_1700#1$aБернштейн$bП. С.$cгеолог$f1905-$gПавел Самойлович$3RU\NLR\AUTH\770212853$4070
_1701#1$aЛеонтович$bА.А.$4070
_tК геологии и петрологии кристаллического комплекса Верхнего Амура
_aБернштейн, Павел Самойлович (геолог ; 1905-)
461 0 _1001rc\2939238
_12001#$aМатериалы по геологии Дальневосточного края$eВып. 1-$fРед. коллегия: Г.П. Воларович, (отв. ред.), М.Н. Ивантишин, А.Т. Суслов, В.П. Тебеньков$gДальневост. филиал. Акад. наук СССР$vВып. 1
_96545976
_cВладивосток
_d1938-1939
_fРед. коллегия: Г.П. Воларович, (отв. ред.), М.Н. Ивантишин, А.Т. Суслов, В.П. Тебеньков
_nБ. и.
_oВып. 1-
_tМатериалы по геологии Дальневосточного края
_vВып. 1
700 1 _aКриштофович
_bА.Н.
801 0 _aRU
_bNLR
_gpsbo
801 1 _aRU
_bELAR
_2rusmarc
852 _aNLR
_j38-19/146
942 _cUNSPEC
980 _aNB